Statistics for Arctic Monkeys Lyrics - Despair In The Departure Lounge

Click here to take the quiz!

General Stats

  • This quiz has been taken 25 times
  • The average score is 209 of 272

Answer Stats

Lyrics% Correct
departure
100%
Despair
100%
does
100%
I
100%
lounge
100%
the
100%
a
95%
in
95%
who
95%
and
90%
And
90%
be
90%
happen
90%
he
90%
her
90%
It
90%
it
90%
on
90%
she
90%
She
90%
to
90%
what
90%
won't
90%
bit
85%
by
85%
do
85%
feel
85%
for
85%
He's
85%
him
85%
ill
85%
me?
85%
no
85%
No
85%
you
85%
You
85%
architecture
80%
got,
80%
got
80%
happened
80%
just
80%
or
80%
that
80%
then
80%
There
80%
there
80%
What's
80%
when
80%
your
80%
at
75%
battery
75%
because
75%
but
75%
carrier
75%
'cause
75%
'Cause
75%
city
75%
don't
75%
Don't
75%
down
75%
fear
75%
keep
75%
low
75%
makes
75%
might
75%
of
75%
people
75%
pining
75%
say
75%
we
75%
you're
75%
again,
70%
around
70%
back
70%
care
70%
Del
70%
'em
70%
feeling
70%
followed
70%
if
70%
It's
70%
like
70%
Rodney
70%
see
70%
they've
70%
things
70%
this
70%
This
70%
thought
70%
time
70%
town
70%
try
70%
turning
70%
waiting
70%
about
65%
aeroplane
65%
all
65%
as
65%
cheer
65%
ear
65%
even
65%
falls
65%
front,
65%
funny
65%
near
65%
nowhere
65%
out
65%
pretty
65%
she's
65%
signal
65%
take
65%
three
65%
through
65%
up
65%
us,
65%
well
65%
aches
60%
Although
60%
buildings
60%
could
60%
idea
60%
isn't
60%
land
60%
lose
60%
lot
60%
mind
60%
off
60%
pains
60%
seats
60%
want
60%
with
60%
wonder
60%
almost
55%
bar
55%
closely
55%
comes
55%
feels
55%
girl
55%
hand
55%
hold
55%
kicked
55%
knock
55%
looked
55%
one
55%
reality
55%
same
55%
saw
55%
seems
55%
shouted
55%
someone
55%
still
55%
winners
55%
within
55%
Yesterday,
55%
you've
55%
become
50%
summat,
50%
half
45%
Laugh
45%
owt
45%
tellies
45%
they'll
30%

Score Distribution

Percentile by Number Answered

Percent of People with Each Score

Your Score History

You have not taken this quiz